Food processing technology: principles and practice (Record no. 14855)
[ view plain ]
| 000 -LEADER | |
|---|---|
| fixed length control field | 00315nam a22001337a 4500 |
| 020 ## - INTERNATIONAL STANDARD BOOK NUMBER | |
| ISBN | 978008109078 |
| 082 ## - DEWEY DECIMAL CLASSIFICATION NUMBER | |
| Classification number | 664 |
| Item number | FEL/FO |
| 100 ## - MAIN ENTRY--AUTHOR NAME | |
| Personal name | Fellows, P.J |
| 245 ## - TITLE STATEMENT | |
| Title | Food processing technology: principles and practice |
| 250 ## - EDITION STATEMENT | |
| Edition statement | 4 |
| 260 ## - PUBLICATION, DISTRIBUTION, ETC. (IMPRINT) | |
| Place of publication | Amsterdam |
| Name of publisher | Elsevier |
| Year of publication | 2017 |
| 300 ## - PHYSICAL DESCRIPTION | |
| Number of Pages | 1128 |
| 942 ## - ADDED ENTRY ELEMENTS (KOHA) | |
| Koha item type | Books |
| Withdrawn status | Lost status | Damaged status | Home library | Current library | Shelving location | Date acquired | Source of acquisition | Cost, normal purchase price | Full call number | Accession Number | Koha item type | Collection code |
|---|---|---|---|---|---|---|---|---|---|---|---|---|
| KAUAET | KAUAET | Reference1 | 30/03/2017 | Neoti book Agency | 7634.00 | 664 FEL/FO | 25448 | Reference | ||||
| KAUAET | KAUAET | Reference1 | 31/03/2018 | Vigyan Books | 15048.00 | 664 FEL/FO | 25667 | Books | ||||
| KAUAET | KAUAET | General Stacks | 31/03/2018 | Vigyan Books | 15048.00 | 664 FEL/FO | 25668 | Books | ||||
| KAUAET | KAUAET | KAU- SC Sub plan | 31/03/2022 | 3995.00 | 664 FEL/FO | 26063 | Books |
